[Event "35th National Team Chess Championship- 2015"]
[Site "Caritas Goa Holiday Home, NR, Caculo Circle, St In"]
[Date "2015.02.23"]
[Round "6"]
[Board "4"]
[White "Ganguly, Surya Shekhar"]
[Black "Akshat, Khamparia"]
[Result "1-0"]
[WhiteElo "2595"]
[BlackElo "2415"]
[PlyCount "101"]
[EventDate "2015.02.20"]
[EventType "team"]
[EventRounds "9"]
[EventCountry "IND"]
[WhiteTeam "Petroleum Sports Promotion Board"]
[BlackTeam "Railways - B"]

1. e4 c5 2. Nf3 g6 3. d4 cxd4 4. Nxd4 Bg7 5. Nc3 Nc6 6. Be3 Nf6 7. Bc4 O-O 8.
Bb3 e6 9. O-O d5 10. exd5 exd5 11. h3 Re8 12. Re1 Be6 13. Qd3 a6 14. Rad1 Qd6
15. Bg5 Bd7 16. Rxe8+ Rxe8 17. Nxc6 Bxc6 18. Be3 Rd8 19. Bd4 Rd7 20. a3 Qf4 21.
Qe2 h5 22. Qe5 Qh6 23. Qb8+ Kh7 24. Be3 g5 25. Qg3 Qg6 26. Qxg5 Qxg5 27. Bxg5
d4 28. Ne2 Ne4 29. Bc1 Nc5 30. Ba2 Kg8 31. Nf4 h4 32. Nh5 Bh8 33. Bg5 Rd6 34.
Be7 Rh6 35. Bxc5 Rxh5 36. Bxd4 Rg5 37. Bxh8 Kxh8 38. Rd4 Rxg2+ 39. Kf1 Rh2 40.
Rxh4+ Kg7 41. Rg4+ Kf8 42. Rf4 Rxh3 43. Rxf7+ Ke8 44. Ke2 Rh1 45. Rf5 Rc1 46.
Kd2 Rxc2+ 47. Kxc2 Be4+ 48. Kc3 Bxf5 49. Kd4 Ke7 50. Ke5 Bc2 51. f4 1-0

[Event "35th National Team Chess Championship- 2015"]
[Site "Caritas Goa Holiday Home, NR, Caculo Circle, St In"]
[Date "2015.02.23"]
[Round "6"]
[Board "1"]
[White "Krishna, C.R.G."]
[Black "Narayanan, Srinath"]
[Result "1/2-1/2"]
[WhiteElo "2410"]
[BlackElo "2456"]
[PlyCount "24"]
[EventDate "2015.02.20"]
[EventType "team"]
[EventRounds "9"]
[EventCountry "IND"]
[WhiteTeam "The Empty Reloaded A.P."]
[BlackTeam "Air India"]

1. d4 Nf6 2. Nf3 e6 3. e3 b6 4. Bd3 Bb7 5. O-O d5 6. b3 Bd6 7. Bb2 O-O 8. Nbd2
c5 9. Ne5 Nc6 10. a3 Ne7 11. Qf3 Ng6 12. Qh3 cxd4 1/2-1/2

[Event "35th National Team Chess Championship- 2015"]
[Site "Caritas Goa Holiday Home, NR, Caculo Circle, St In"]
[Date "2015.02.23"]
[Round "6"]
[Board "2"]
[White "Bakre, Tejas"]
[Black "Mehar, Chinna Reddy C.H."]
[Result "1/2-1/2"]
[WhiteElo "2457"]
[BlackElo "2311"]
[PlyCount "65"]
[EventDate "2015.02.20"]
[EventType "team"]
[EventRounds "9"]
[EventCountry "IND"]
[WhiteTeam "Air India"]
[BlackTeam "The Empty Reloaded A.P."]

1. e4 c5 2. Nf3 d6 3. d4 cxd4 4. Nxd4 Nf6 5. Nc3 Nc6 6. Bg5 e6 7. Qd2 a6 8.
O-O-O Bd7 9. f4 Be7 10. Nf3 b5 11. Bxf6 gxf6 12. Kb1 Qb6 13. g3 O-O-O 14. Bh3
Kb8 15. Rhf1 Bc8 16. f5 b4 17. Na4 Qb5 18. b3 d5 19. fxe6 fxe6 20. exd5 Rxd5
21. Qe3 Rxd1+ 22. Rxd1 Rd8 23. Rxd8 Nxd8 24. Nd4 Qd5 25. Nb6 Qh1+ 26. Qc1 Qxc1+
27. Kxc1 Bc5 28. Nxc8 Bxd4 29. Nd6 Bg1 30. Ne8 f5 31. g4 fxg4 32. Bxg4 Bxh2 33.
Nf6 1/2-1/2

[Event "35th National Team Chess Championship- 2015"]
[Site "Caritas Goa Holiday Home, NR, Caculo Circle, St In"]
[Date "2015.02.23"]
[Round "6"]
[Board "3"]
[White "Abhilash, Reddy M.L."]
[Black "Satyapragyan, Swayangsu"]
[Result "1/2-1/2"]
[WhiteElo "2236"]
[BlackElo "2409"]
[PlyCount "49"]
[EventDate "2015.02.20"]
[EventType "team"]
[EventRounds "9"]
[EventCountry "IND"]
[WhiteTeam "The Empty Reloaded A.P."]
[BlackTeam "Air India"]

1. d4 e6 2. Nf3 Nf6 3. Bg5 h6 4. Bxf6 Qxf6 5. e4 d6 6. Nc3 Nd7 7. Qd2 a6 8. a4
g6 9. Bc4 Bg7 10. O-O O-O 11. Rfe1 Qe7 12. Qe3 b6 13. Ne2 Bb7 14. c3 c5 15. Ng3
Nf6 16. dxc5 bxc5 17. Qe2 Qc7 18. e5 Bxf3 19. gxf3 Nd5 20. exd6 Qxd6 21. Rad1
Qc6 22. Qe4 Rfe8 23. f4 Rad8 24. Qf3 Qxa4 25. Bxd5 1/2-1/2

[Event "35th National Team Chess Championship- 2015"]
[Site "Caritas Goa Holiday Home, NR, Caculo Circle, St In"]
[Date "2015.02.23"]
[Round "6"]
[Board "4"]
[White "Gokhale, Chandrashekhar"]
[Black "Chakravarthi Reddy, M"]
[Result "1/2-1/2"]
[WhiteElo "2233"]
[BlackElo "2256"]
[PlyCount "112"]
[EventDate "2015.02.20"]
[EventType "team"]
[EventRounds "9"]
[EventCountry "IND"]
[WhiteTeam "Air India"]
[BlackTeam "The Empty Reloaded A.P."]

1. d4 d5 2. c4 c6 3. Nf3 Nf6 4. Qc2 g6 5. g3 Bg7 6. Bg2 O-O 7. O-O a6 8. Bf4
Nh5 9. Be3 a5 10. cxd5 cxd5 11. Nc3 Nc6 12. Qb3 e6 13. Na4 Bd7 14. Nc5 a4 15.
Qd3 Bc8 16. Rac1 f5 17. Bf4 Nxf4 18. gxf4 Qd6 19. Qe3 b6 20. Nd3 Ba6 21. Nfe5
Na5 22. Rc3 Bc4 23. a3 Rac8 24. Rfc1 Rc7 25. Nf3 Nb3 26. Rd1 Rfc8 27. Nc1 Na5
28. Ne5 b5 29. Ncd3 Bxd3 30. Rdxd3 Nc4 31. Qc1 Qb6 32. e3 Bxe5 33. dxe5 Qa5 34.
Qb1 Nxb2 35. Rxc7 Rxc7 36. Bxd5 exd5 37. Rxd5 Qc3 38. Rxb5 Qc1+ 39. Qxc1 Rxc1+
40. Kg2 Nc4 41. Rb4 Nxa3 42. Rxa4 Nb5 43. Ra8+ Kf7 44. Rd8 Rc7 45. h4 Nc3 46.
h5 gxh5 47. Kh3 Ne4 48. f3 Nc5 49. Rh8 Ke6 50. Kh4 Nd7 51. Rxh7 Rc3 52. Rh6+
Ke7 53. Kg5 Rxe3 54. Kxf5 Rxf3 55. Rh7+ Ke8 56. Rxh5 Nf8 1/2-1/2

[Event "35th National Team Chess Championship- 2015"]
[Site "Caritas Goa Holiday Home, NR, Caculo Circle, St In"]
[Date "2015.02.23"]
[Round "6"]
[Board "1"]
[White "Deepan, Chakkravarthy J."]
[Black "Sriram, Jha"]
[Result "1/2-1/2"]
[WhiteElo "2487"]
[BlackElo "2413"]
[PlyCount "107"]
[EventDate "2015.02.20"]
[EventType "team"]
[EventRounds "9"]
[EventCountry "IND"]
[WhiteTeam "Railways - A"]
[BlackTeam "Life Insurance Corporation"]

1. e4 e5 2. Nf3 Nc6 3. Bb5 a6 4. Ba4 Nf6 5. d3 b5 6. Bb3 Be7 7. O-O d6 8. c3
O-O 9. Re1 Na5 10. Bc2 c5 11. Nbd2 Nc6 12. Nf1 Re8 13. a4 b4 14. Bg5 h6 15.
Bxf6 Bxf6 16. Bb3 Be6 17. Ne3 Rb8 18. Bd5 Ne7 19. Bc4 a5 20. Bb5 Bd7 21. cxb4
Bxb5 22. axb5 axb4 23. Ra6 Rxb5 24. Nc4 Nc8 25. Ra8 Be7 26. Qa4 Rb7 27. Ra1 Kf8
28. Qc6 Qd7 29. R1a6 Qxc6 30. Rxc6 Ra7 31. Rxa7 Nxa7 32. Rb6 Rd8 33. Kf1 Ke8
34. Ke2 Rd7 35. g4 Kd8 36. Rb8+ Kc7 37. Rg8 Bf6 38. Ne3 Rd8 39. Nd5+ Kd7 40.
Nxf6+ gxf6 41. Rxd8+ Kxd8 42. Nh4 Nc6 43. Nf5 Nd4+ 44. Nxd4 cxd4 45. Kd2 b3 46.
Ke2 Ke7 47. Kf3 Kf8 48. h4 Kg7 49. h5 Kf8 50. Kg3 Ke7 51. Kh3 Ke6 52. Kg3 Ke7
53. Kh3 Ke6 54. Kg3 1/2-1/2

[Event "35th National Team Chess Championship- 2015"]
[Site "Caritas Goa Holiday Home, NR, Caculo Circle, St In"]
[Date "2015.02.23"]
[Round "6"]
[Board "2"]
[White "Sharma, Dinesh K."]
[Black "Das, Arghyadip"]
[Result "1/2-1/2"]
[WhiteElo "2391"]
[BlackElo "2476"]
[PlyCount "37"]
[EventDate "2015.02.20"]
[EventType "team"]
[EventRounds "9"]
[EventCountry "IND"]
[WhiteTeam "Life Insurance Corporation"]
[BlackTeam "Railways - A"]

1. e4 e6 2. d4 d5 3. Nc3 Nc6 4. Nf3 Nf6 5. e5 Ne4 6. Bd3 Bb4 7. Bd2 Nxd2 8.
Qxd2 f6 9. a3 Bxc3 10. Qxc3 fxe5 11. Bb5 exd4 12. Bxc6+ bxc6 13. Qxc6+ Bd7 14.
Qc5 Qb8 15. O-O-O Qb6 16. Qxd4 O-O 17. Qxb6 axb6 18. Rhe1 Ra5 19. Rd2 1/2-1/2

[Event "35th National Team Chess Championship- 2015"]
[Site "Caritas Goa Holiday Home, NR, Caculo Circle, St In"]
[Date "2015.02.23"]
[Round "6"]
[Board "3"]
[White "Thejkumar, M. S."]
[Black "Lahiri, Atanu"]
[Result "1-0"]
[WhiteElo "2438"]
[BlackElo "2308"]
[PlyCount "51"]
[EventDate "2015.02.20"]
[EventType "team"]
[EventRounds "9"]
[EventCountry "IND"]
[WhiteTeam "Railways - A"]
[BlackTeam "Life Insurance Corporation"]

1. d4 Nf6 2. c4 g6 3. Nc3 Bg7 4. e4 d6 5. Be2 O-O 6. Bg5 Na6 7. Qd2 e5 8. d5
Nc5 9. f3 a5 10. h4 c6 11. g4 cxd5 12. cxd5 Bd7 13. Nh3 Qb8 14. Nf2 b5 15. h5
b4 16. Ncd1 Bb5 17. Ne3 h6 18. Bxf6 Bxf6 19. hxg6 fxg6 20. Nf5 gxf5 21. Qxh6
Ra7 22. g5 Bxg5 23. Rg1 Rg7 24. Rxg5 Rff7 25. Kd2 Rxg5 26. Rh1 1-0

[Event "35th National Team Chess Championship- 2015"]
[Site "Caritas Goa Holiday Home, NR, Caculo Circle, St In"]
[Date "2015.02.23"]
[Round "6"]
[Board "4"]
[White "Deshmukh, Anup"]
[Black "Himanshu, Sharma"]
[Result "0-1"]
[WhiteElo "2256"]
[BlackElo "2425"]
[PlyCount "76"]
[EventDate "2015.02.20"]
[EventType "team"]
[EventRounds "9"]
[EventCountry "IND"]
[WhiteTeam "Life Insurance Corporation"]
[BlackTeam "Railways - A"]

1. c4 e5 2. Nc3 Nf6 3. Nf3 Nc6 4. g3 d5 5. cxd5 Nxd5 6. Bg2 Nb6 7. O-O Be7 8.
d3 O-O 9. a3 Re8 10. b4 Bf8 11. Bb2 a5 12. b5 Nd4 13. Na4 Nxe2+ 14. Qxe2 Nxa4
15. Bxe5 Bd7 16. Qe4 Bxb5 17. Qxb7 c6 18. Qc7 Qxd3 19. Rfd1 Qg6 20. Bf4 Nc3 21.
Rd2 Re7 22. Rd7 Ne2+ 23. Kh1 Rxd7 24. Qxd7 Nxf4 25. gxf4 Qf6 26. Ne5 Rd8 27.
Qc7 a4 28. Rg1 Rd6 29. Qb8 g6 30. h3 Kg7 31. Re1 Rd2 32. Ng4 Qd6 33. Qxd6 Bxd6
34. f5 gxf5 35. Ne3 Kf6 36. Rc1 Bxa3 37. Rxc6+ Bxc6 38. Bxc6 Bc5 0-1

[Event "35th National Team Chess Championship- 2015"]
[Site "Caritas Goa Holiday Home, NR, Caculo Circle, St In"]
[Date "2015.02.23"]
[Round "6"]
[Board "1"]
[White "Visakh, Nr"]
[Black "Vipul, Subhashi"]
[Result "1-0"]
[WhiteElo "2375"]
[BlackElo "2184"]
[PlyCount "65"]
[EventDate "2015.02.20"]
[EventType "team"]
[EventRounds "9"]
[EventCountry "IND"]
[WhiteTeam "Airport Authority of India"]
[BlackTeam "Bihar State - A"]

1. d4 Nf6 2. Nf3 d5 3. c4 c6 4. e3 e6 5. b3 Bb4+ 6. Nbd2 Ne4 7. Bd3 f5 8. Bb2
O-O 9. O-O Nd7 10. Qc1 Qe7 11. Nb1 Bd6 12. Ne5 Rf6 13. f3 Nec5 14. f4 Ne4 15.
Ba3 Bxa3 16. Qxa3 Nd6 17. Nd2 Rh6 18. Ndf3 Nf6 19. Ng5 Qf8 20. c5 Nde4 21. Ngf7
Rh5 22. Be2 g6 23. Bxh5 Nxh5 24. Qa5 Qe7 25. Qd8+ Qxd8 26. Nxd8 Nhf6 27. b4 Ng4
28. Nxg4 fxg4 29. b5 cxb5 30. c6 bxc6 31. Nxc6 a5 32. Rfc1 Ba6 33. Nxa5 1-0

[Event "35th National Team Chess Championship- 2015"]
[Site "Caritas Goa Holiday Home, NR, Caculo Circle, St In"]
[Date "2015.02.23"]
[Round "6"]
[Board "2"]
[White "Rupesh, Ranjan"]
[Black "Nitin, S."]
[Result "0-1"]
[WhiteElo "1873"]
[BlackElo "2357"]
[PlyCount "74"]
[EventDate "2015.02.20"]
[EventType "team"]
[EventRounds "9"]
[EventCountry "IND"]
[WhiteTeam "Bihar State - A"]
[BlackTeam "Airport Authority of India"]

1. e4 e5 2. Nf3 d6 3. d4 exd4 4. Nxd4 Nf6 5. Nc3 g6 6. Bc4 Bg7 7. f3 O-O 8. Be3
c6 9. Qd2 b5 10. Ndxb5 d5 11. exd5 cxb5 12. Bxb5 Bd7 13. Bc4 Qc8 14. Bb3 a5 15.
Na4 Bxa4 16. Bxa4 Qc4 17. Bb3 Qh4+ 18. g3 Qh3 19. Kf2 Nbd7 20. Rae1 a4 21. Bc4
Ne5 22. Bb5 Rab8 23. Bf1 Qh5 24. Be2 Nxd5 25. Bd4 Rfd8 26. c3 Nb6 27. f4 Qf5
28. Qc1 Nd3+ 29. Bxd3 Bxd4+ 30. Ke2 Qg4+ 31. Kd2 Bf2 32. Kc2 Bxe1 33. Qxe1 Qf3
34. Be4 Qh5 35. b3 axb3+ 36. axb3 Re8 37. Qe3 Qa5 0-1

[Event "35th National Team Chess Championship- 2015"]
[Site "Caritas Goa Holiday Home, NR, Caculo Circle, St In"]
[Date "2015.02.23"]
[Round "6"]
[Board "3"]
[White "Stany, G.A."]
[Black "Vijay, Kumar"]
[Result "1-0"]
[WhiteElo "2381"]
[BlackElo "2006"]
[PlyCount "41"]
[EventDate "2015.02.20"]
[EventType "team"]
[EventRounds "9"]
[EventCountry "IND"]
[WhiteTeam "Airport Authority of India"]
[BlackTeam "Bihar State - A"]

1. e4 c5 2. Nf3 d6 3. Bb5+ Bd7 4. Bxd7+ Qxd7 5. O-O Nc6 6. c3 d5 7. exd5 Qxd5
8. d4 e6 9. Be3 Rd8 10. Qa4 cxd4 11. Nxd4 Qa5 12. Qb3 Nxd4 13. Bxd4 Rd7 14. Nd2
Nf6 15. Nc4 Qc7 16. Rad1 Ng4 17. g3 h5 18. Bxa7 h4 19. Rxd7 Qxd7 20. Rd1 hxg3
21. Rxd7 1-0

[Event "35th National Team Chess Championship- 2015"]
[Site "Caritas Goa Holiday Home, NR, Caculo Circle, St In"]
[Date "2015.02.23"]
[Round "6"]
[Board "4"]
[White "Abhishek, Sonu"]
[Black "Rajesh, V A V"]
[Result "0-1"]
[WhiteElo "1718"]
[BlackElo "2350"]
[PlyCount "88"]
[EventDate "2015.02.20"]
[EventType "team"]
[EventRounds "9"]
[EventCountry "IND"]
[WhiteTeam "Bihar State - A"]
[BlackTeam "Airport Authority of India"]

1. c4 Nf6 2. g3 c5 3. Bg2 Nc6 4. Nc3 e5 5. Nf3 d6 6. O-O Be7 7. e4 O-O 8. d3 h6
9. a3 a5 10. h3 Be6 11. Be3 Nd7 12. Nd2 f5 13. exf5 Bxf5 14. Nde4 Nf6 15. Kh2
Rb8 16. Nxf6+ Bxf6 17. Ne4 Be7 18. Nc3 Nd4 19. f4 exf4 20. Bxf4 Bg5 21. Bxg5
Qxg5 22. h4 Qe3 23. Nd5 Qe8 24. Re1 Qd8 25. Ne7+ Kh8 26. Re3 Bh7 27. Rc1 Rf2
28. Qh5 Qf8 29. Kh1 Re8 30. Kg1 Rxe7 31. Rxe7 Rxg2+ 32. Kxg2 Qxe7 33. Rd1 Qe3
34. Rf1 Bxd3 35. Rf8+ Kh7 36. Qe8 Qxe8 37. Rxe8 Bxc4 38. Rd8 d5 39. Rc8 b6 40.
Rb8 b5 41. Kf2 Nb3 42. g4 d4 43. Rb6 d3 44. Ke1 d2+ 0-1

[Event "35th National Team Chess Championship- 2015"]
[Site "Caritas Goa Holiday Home, NR, Caculo Circle, St In"]
[Date "2015.02.23"]
[Round "6"]
[Board "1"]
[White "Sagar, Shah"]
[Black "Maheswaran, P."]
[Result "1/2-1/2"]
[WhiteElo "2462"]
[BlackElo "2276"]
[PlyCount "83"]
[EventDate "2015.02.20"]
[EventType "team"]
[EventRounds "9"]
[EventCountry "IND"]
[WhiteTeam "Chess Is Life, Maharashtra"]
[BlackTeam "Tamil Nadu State"]

1. d4 Nf6 2. c4 c5 3. d5 d6 4. Nc3 g6 5. e4 Bg7 6. Nf3 O-O 7. Be2 e6 8. Nd2
exd5 9. cxd5 Re8 10. O-O Na6 11. Re1 Nc7 12. a4 b6 13. Bf1 Ng4 14. Nf3 Ne5 15.
Nxe5 Bxe5 16. Bd3 a6 17. f4 Bd4+ 18. Be3 Qf6 19. Bxd4 Qxd4+ 20. Kh1 Bb7 21. Bc2
Qxd1 22. Raxd1 Kg7 23. e5 Rad8 24. Kg1 b5 25. Ne4 dxe5 26. d6 Ne6 27. fxe5 Bxe4
28. Bxe4 bxa4 29. Bc6 Rf8 30. Bxa4 Rb8 31. Rd2 Rfd8 32. Bc6 Nd4 33. Bd5 f6 34.
Rf2 fxe5 35. Rf7+ Kh6 36. d7 Rb6 37. Rxe5 Rd6 38. Bc4 R8xd7 39. Rxd7 Rxd7 40.
Bxa6 Ra7 41. Bc4 Rb7 42. b3 1/2-1/2

[Event "35th National Team Chess Championship- 2015"]
[Site "Caritas Goa Holiday Home, NR, Caculo Circle, St In"]
[Date "2015.02.23"]
[Round "6"]
[Board "2"]
[White "Navalgund, Niranjan"]
[Black "Shashikant, Kutwal"]
[Result "0-1"]
[WhiteElo "2270"]
[BlackElo "2206"]
[PlyCount "84"]
[EventDate "2015.02.20"]
[EventType "team"]
[EventRounds "9"]
[EventCountry "IND"]
[WhiteTeam "Tamil Nadu State"]
[BlackTeam "Chess Is Life, Maharashtra"]

1. d4 Nf6 2. c4 g6 3. g3 Bg7 4. Bg2 O-O 5. Nc3 d6 6. Nf3 Nc6 7. O-O a6 8. Bf4
Bg4 9. h3 Bxf3 10. exf3 d5 11. c5 Nh5 12. Be3 e5 13. Ne2 exd4 14. Nxd4 Re8 15.
Nxc6 bxc6 16. Bd4 Bxd4 17. Qxd4 Qf6 18. Qd2 Rab8 19. Rab1 a5 20. b3 Rb5 21.
Rfc1 Reb8 22. f4 Ng7 23. Bf1 Rb4 24. a3 Rxb3 25. Rxb3 Rxb3 26. Qxa5 Ne6 27. Rd1
Qb2 28. Qa8+ Kg7 29. Bg2 Qc2 30. Rf1 Qxc5 31. Kh2 Rxa3 32. Qb7 Ra2 33. Kg1 Qb6
34. Qc8 Nc5 35. f5 Nd3 36. f6+ Kxf6 37. Qh8+ Ke7 38. Kh2 Rxf2 39. Rg1 Qb2 40.
Qxh7 Qe2 41. Qh4+ Kd7 42. Qg5 Ne1 0-1

[Event "35th National Team Chess Championship- 2015"]
[Site "Caritas Goa Holiday Home, NR, Caculo Circle, St In"]
[Date "2015.02.23"]
[Round "6"]
[Board "3"]
[White "Mokal, Amruta Sunil"]
[Black "Sa, Kannan"]
[Result "1-0"]
[WhiteElo "2053"]
[BlackElo "2021"]
[PlyCount "71"]
[EventDate "2015.02.20"]
[EventType "team"]
[EventRounds "9"]
[EventCountry "IND"]
[WhiteTeam "Chess Is Life, Maharashtra"]
[BlackTeam "Tamil Nadu State"]

1. e4 c5 2. Nf3 Nc6 3. d4 cxd4 4. Nxd4 Nf6 5. Nc3 e5 6. Ndb5 d6 7. Bg5 a6 8.
Na3 b5 9. Bxf6 gxf6 10. Nd5 f5 11. Bd3 Be6 12. O-O Bg7 13. Qh5 f4 14. c4 b4 15.
Nc2 a5 16. g3 Rg8 17. Rfd1 Kf8 18. Be2 Ra7 19. c5 fxg3 20. hxg3 Nd4 21. Nxd4
exd4 22. c6 Bxd5 23. exd5 Be5 24. Qh6+ Rg7 25. Bd3 Kg8 26. Re1 Qf8 27. Kh2 f5
28. f4 Raf7 29. fxe5 f4 30. Qxd6 fxg3+ 31. Kg1 Qe8 32. Rf1 Re7 33. Bf5 d3 34.
Be6+ Kh8 35. c7 g2 36. Rf5 1-0

[Event "35th National Team Chess Championship- 2015"]
[Site "Caritas Goa Holiday Home, NR, Caculo Circle, St In"]
[Date "2015.02.23"]
[Round "6"]
[Board "4"]
[White "Dusthageer, Ibrahim M."]
[Black "Dahale, Atul"]
[Result "1-0"]
[WhiteElo "2123"]
[BlackElo "2034"]
[PlyCount "59"]
[EventDate "2015.02.20"]
[EventType "team"]
[EventRounds "9"]
[EventCountry "IND"]
[WhiteTeam "Tamil Nadu State"]
[BlackTeam "Chess Is Life, Maharashtra"]

1. e4 c5 2. Nf3 d6 3. d4 cxd4 4. Nxd4 Nf6 5. Nc3 a6 6. Be2 e5 7. Nb3 Be7 8. O-O
O-O 9. Be3 Be6 10. f4 exf4 11. Rxf4 Nc6 12. Nd4 Ne5 13. Nf5 Bxf5 14. Rxf5 Rc8
15. Bd4 Nc6 16. Kh1 Nxd4 17. Qxd4 Ne8 18. Qd5 b5 19. Qb3 Rc5 20. a4 Nf6 21.
Rxc5 dxc5 22. axb5 axb5 23. e5 Nd7 24. Rd1 b4 25. Nb5 Qe8 26. Nc7 Qc8 27. Nd5
Re8 28. Bg4 Kf8 29. Nb6 c4 30. Qh3 1-0

[Event "35th National Team Chess Championship- 2015"]
[Site "Caritas Goa Holiday Home, NR, Caculo Circle, St In"]
[Date "2015.02.24"]
[Round "7"]
[Board "1"]
[White "Adhiban, B."]
[Black "Krishna, C.R.G."]
[Result "1-0"]
[WhiteElo "2630"]
[BlackElo "2410"]
[PlyCount "105"]
[EventDate "2015.02.20"]
[EventType "team"]
[EventRounds "9"]
[EventCountry "IND"]
[WhiteTeam "Petroleum Sports Promotion Board"]
[BlackTeam "The Empty Reloaded A.P."]

1. e4 e6 2. d4 d5 3. Nd2 c5 4. exd5 Qxd5 5. Ngf3 cxd4 6. Bc4 Qd6 7. Qe2 Nf6 8.
Nb3 Nc6 9. Bg5 a6 10. O-O-O b5 11. Bd3 Bd7 12. Bxf6 gxf6 13. Be4 O-O-O 14. a4
e5 15. axb5 axb5 16. Qxb5 Kc7 17. Nfxd4 exd4 18. Rxd4 Rb8 19. Rxd6 Rxb5 20.
Rxf6 Re5 21. Bxc6 Bxc6 22. Rxf7+ Re7 23. Rxe7+ Bxe7 24. Re1 Bg5+ 25. Kb1 Bf6
26. g3 Bd5 27. Nc5 Ra8 28. c3 Bf7 29. Kc2 Kc6 30. Ne4 Bg7 31. f3 Rb8 32. Ra1
Bb3+ 33. Kd3 Kb6 34. Nd2 Rd8+ 35. Ke2 Bc2 36. Nc4+ Kc5 37. Ne3 Bd3+ 38. Kf2 Rb8
39. Ra5+ Kc6 40. b4 Bb1 41. Rc5+ Kd7 42. Nd5 Kd6 43. Ne3 Kd7 44. f4 Be4 45. Ng4
Rc8 46. Ne5+ Bxe5 47. Rxc8 Bd4+ 48. cxd4 Kxc8 49. g4 Kd7 50. Ke3 Bc6 51. f5 Kd6
52. Kf4 h6 53. h4 1-0

[Event "35th National Team Chess Championship- 2015"]
[Site "Caritas Goa Holiday Home, NR, Caculo Circle, St In"]
[Date "2015.02.24"]
[Round "7"]
[Board "2"]
[White "Mehar, Chinna Reddy C.H."]
[Black "Gupta, Abhijeet"]
[Result "1/2-1/2"]
[WhiteElo "2311"]
[BlackElo "2622"]
[PlyCount "152"]
[EventDate "2015.02.20"]
[EventType "team"]
[EventRounds "9"]
[EventCountry "IND"]
[WhiteTeam "The Empty Reloaded A.P."]
[BlackTeam "Petroleum Sports Promotion Board"]

1. e4 c5 2. Nf3 d6 3. d4 cxd4 4. Qxd4 a6 5. c4 Nc6 6. Qe3 Nf6 7. h3 e6 8. Be2
Be7 9. Nc3 O-O 10. O-O b6 11. b3 Bb7 12. Bb2 Qc7 13. Rac1 Ne5 14. Nd4 Rfe8 15.
f4 Ned7 16. Bd3 Bf8 17. Kh1 g6 18. Rce1 Bg7 19. Nde2 Rad8 20. Bb1 Qb8 21. Ng3
e5 22. f5 b5 23. cxb5 axb5 24. Nxb5 d5 25. a4 d4 26. Qf3 Bc6 27. Bd3 Nc5 28.
fxg6 hxg6 29. Bc4 Ne6 30. Bc1 Qb7 31. h4 Rf8 32. b4 Qe7 33. Bd2 Nf4 34. Bxf4
exf4 35. Qxf4 d3 36. Rd1 d2 37. Rxd2 Rxd2 38. Qxd2 Nxe4 39. Nxe4 Qxe4 40. Rf4
Qe5 41. Nd6 Bh6 42. Nxf7 Qxf4 43. Qxf4 Bxf4 44. Ne5+ Kg7 45. Nxc6 Rh8 46. Kg1
Rxh4 47. Bd5 Bd6 48. a5 Bxb4 49. Nxb4 Rxb4 50. a6 Ra4 51. Bb7 Ra5 52. Kh2 Ra3
53. Kg1 Kf6 54. Kf2 Ke5 55. Ke2 g5 56. Kd2 Kd4 57. Ke2 g4 58. Kf2 Kc5 59. Bc8
g3+ 60. Ke2 Kc4 61. Bb7 Kd4 62. Bc8 Re3+ 63. Kd2 Re5 64. Bb7 Ra5 65. Ke2 Ra3
66. Bc8 Kd5 67. Bb7+ Ke5 68. Kd2 Kf4 69. Kc2 Ke3 70. Kb2 Ra5 71. Kb3 Kd4 72.
Kb4 Ra2 73. Kb5 Rb2+ 74. Kc6 Rxg2 75. a7 Ra2 76. Kb6 Rxa7 1/2-1/2

[Event "35th National Team Chess Championship- 2015"]
[Site "Caritas Goa Holiday Home, NR, Caculo Circle, St In"]
[Date "2015.02.24"]
[Round "7"]
[Board "3"]
[White "Vidit, Santosh Gujrathi"]
[Black "Abhilash, Reddy M.L."]
[Result "1-0"]
[WhiteElo "2617"]
[BlackElo "2236"]
[PlyCount "43"]
[EventDate "2015.02.20"]
[EventType "team"]
[EventRounds "9"]
[EventCountry "IND"]
[WhiteTeam "Petroleum Sports Promotion Board"]
[BlackTeam "The Empty Reloaded A.P."]

1. c4 c6 2. Nf3 Nf6 3. Nc3 d6 4. d4 Nbd7 5. e4 e5 6. Be2 Be7 7. O-O O-O 8. Be3
Re8 9. Qc2 Qc7 10. Rac1 Nf8 11. d5 Rd8 12. Ne1 c5 13. Nd3 Ng4 14. Bd2 f5 15. f4
fxe4 16. Nxe4 Nf6 17. Nxf6+ Bxf6 18. fxe5 Bxe5 19. Nxe5 dxe5 20. Qe4 Qd6 21.
Bd3 Qg6 22. Qh4 1-0

[Event "35th National Team Chess Championship- 2015"]
[Site "Caritas Goa Holiday Home, NR, Caculo Circle, St In"]
[Date "2015.02.24"]
[Round "7"]
[Board "4"]
[White "Chakravarthi Reddy, M"]
[Black "Karthikeyan, Murali"]
[Result "0-1"]
[WhiteElo "2256"]
[BlackElo "2505"]
[PlyCount "62"]
[EventDate "2015.02.20"]
[EventType "team"]
[EventRounds "9"]
[EventCountry "IND"]
[WhiteTeam "The Empty Reloaded A.P."]
[BlackTeam "Petroleum Sports Promotion Board"]

1. f4 d5 2. Nf3 Nf6 3. g3 e6 4. Bg2 c5 5. d3 Be7 6. c3 O-O 7. a4 Nc6 8. O-O d4
9. Nbd2 Nd5 10. Nb1 Qb6 11. e4 dxe3 12. Na3 c4 13. d4 Na5 14. Ne5 Qa6 15. Nb5
f6 16. Ng4 Nb3 17. Ra2 Bd7 18. Bxd5 exd5 19. Qf3 Bxb5 20. Qxd5+ Kh8 21. Qxb5
Qe6 22. f5 Qe4 23. Bxe3 Qxg4 24. Qxc4 Qe4 25. Bf4 Qc2 26. Re1 Rae8 27. Qe6 Nc5
28. Qc4 Nb3 29. Qb5 a6 30. Qd7 Nc5 31. Qd5 Nd3 0-1

[Event "35th National Team Chess Championship- 2015"]
[Site "Caritas Goa Holiday Home, NR, Caculo Circle, St In"]
[Date "2015.02.24"]
[Round "7"]
[Board "1"]
[White "Sagar, Shah"]
[Black "Karthikeyan, P."]
[Result "1/2-1/2"]
[WhiteElo "2462"]
[BlackElo "2442"]
[PlyCount "39"]
[EventDate "2015.02.20"]
[EventType "team"]
[EventRounds "9"]
[EventCountry "IND"]
[WhiteTeam "Chess Is Life, Maharashtra"]
[BlackTeam "Railways - A"]

1. d4 d5 2. c4 dxc4 3. Nf3 Nf6 4. e3 Bg4 5. Bxc4 e6 6. O-O Nbd7 7. Nc3 Bd6 8.
Be2 c5 9. h3 Bh5 10. e4 Bxf3 11. Bxf3 cxd4 12. Qxd4 Bc5 13. Qd3 Qc7 14. Na4 O-O
15. Nxc5 Nxc5 16. Qc3 Rac8 17. e5 Nfe4 18. Bxe4 Nxe4 19. Qd4 Nc5 20. Be3
 1/2-1/2